000 01251cam a2200313 i 4500
001 193559
003 SpMaBN
005 20250901122758.0
007 ta
008 240115s1914 be fre
016 7 _abimoBNE19983232112
_zIND9200482440
_2SpMaBN
035 _a(OCoLC)733646981
035 _abimo0001074197
040 _aSpMaBN
_bspa
_cA2
_dES-MaACL
080 _a75 Bosch, Hieronymus
100 0 _aLafond, Paul
_0XX867762
_969502
_eaut
245 1 0 _aHieronymus Bosch :
_bson art, son influence, ses disciples /
_cpar Paul Lafond.
260 _aBruxelles ;
_bG. Van Oest & Cie,
_cMCMXIV [1914]
_e(Anvers :
_fJ.E. Buschmann)
300 _a2 h., 128 p., 109 lám. ;
_cFol. (36 cm)
336 _2rdacontent
_aTexto
337 _2rdamedia
_asin mediación
338 _2rdacarrier
_avolumen
600 1 4 _aBosch, Hieronymus,
_daproximadamente 1450-1516
_930638
852 _aES-MaACL
_bR.M.2
_jD-2
_991240
_cSVI
_fSello en tinta en portada: "Ateneo de Madrid. Biblioteca"
_zRevisado enlace: 1 de septiembre de2025
856 4 _uhttps://archive.org/details/hieronymusboschs00lafo
_yInternet Archive
942 _n0
_cMONOGRAFIA
999 _c193559
_d193559